Teología actual: diálogo teológico entre protestantes y católicos
Αποθηκεύτηκε σε:
| Κύριος συγγραφέας: | |
|---|---|
| Μορφή: | Βιβλίο |
| Γλώσσα: | Ισπανικά |
| Έκδοση: |
Madrid
Guadarrama
1964
|
| Έκδοση: | 2a. ed |
| Σειρά: | Colección Cristianismo y Hombre Actual, 14
|
| Θέματα: | |
| Ετικέτες: |
Προσθήκη ετικέτας
Δεν υπάρχουν, Καταχωρήστε ετικέτα πρώτοι!
|
MARC
| LEADER | 00000nam a2200000 a 4500 | ||
|---|---|---|---|
| 001 | UCL1778 | ||
| 003 | CL-VaPUC | ||
| 008 | 030926e19640000SP |||||||||||||||||spa|d | ||
| 082 | 0 | 4 | |a 230 |b REI |2 21 |
| 100 | 0 | |a Reinisch, Leonhard |e author |9 478607 | |
| 245 | 1 | 0 | |a Teología actual: diálogo teológico entre protestantes y católicos |
| 250 | |a 2a. ed | ||
| 300 | |a 277 p | ||
| 942 | |c BK | ||
| 945 | |d 20030926 00:00:00 |a vberengu | ||
| 260 | |a Madrid |b Guadarrama |c 1964 | ||
| 650 | 0 | |a Teología |9 258766 | |
| 650 | 0 | |a Teología cristiana |9 308336 | |
| 650 | 0 | |a Cristianismo |9 257361 | |
| 583 | |a last modification |c 20030926 00:00:00 |k Rodrigo Vera | ||
| 490 | 0 | |a Colección Cristianismo y Hombre Actual, 14 | |
| 999 | |c 305219 |d 305217 | ||
| 952 | |0 0 |1 0 |4 0 |6 230_000000000000000_REI_1964 |7 0 |8 A |9 368329 |a BIBTEO |b BIBTEO |d 2019-11-21 |i 2078392 |o 230 REI 1964 |p 2078392 |r 2025-01-17 |w 2019-11-21 |y BK |k ICR | ||